00723nam a2200205 a 4500001001000000005001700010008004100027050002100068100002400089245011900113260004000232300002400272500000900296504004200305650002200347902000800369942001100377999001500388952011400403BRCA_274020190320203940.0041208s1954----gw-a---###---#000-0#ger-u 4aSB409b.T46 19541 aThomale, Hans9772110aDie OrchideenbEinführung in die Kultur und Vermehrung tropischer und einheimischer Orchideencvon Hans Thomale. aStuttgart, AlemaniabE. Ulmerc1954 a189 p.bil.c23 cm. aAA64 aIncluye referencias bibliográficas.14aOrquídeas97665 aGFM 2lcccB c2480d2480 00104070aBRCAbBRCAd2008-12-04iAA64l0oSB409 .T46 1954 (AA64)p2737r2019-03-22 00:00:00w2019-03-22yB